International journal of law and management / (Record no. 831)
| 000 -LEADER | |
|---|---|
| fixed length control field | 00608nam a22001577a 4500 |
| 003 - CONTROL NUMBER IDENTIFIER | |
| control field | OSt |
| 005 - DATE AND TIME OF LATEST TRANSACTION | |
| control field | 20140116120839.0 |
| 008 - FIXED-LENGTH DATA ELEMENTS--GENERAL INFORMATION | |
| fixed length control field | 111201t xxu||||| |||| 00| 0 eng d |
| 245 ## - TITLE STATEMENT | |
| Title | International journal of law and management / |
| Medium | [electronic journal] |
| 260 ## - PUBLICATION, DISTRIBUTION, ETC. (IMPRINT) | |
| Place of publication, distribution, etc | Bingley, UK : |
| Name of publisher, distributor, etc | Emerald , |
| Date of publication, distribution, etc | 2008 - |
| 300 ## - PHYSICAL DESCRIPTION | |
| Extent | e-resource - no physical copies . |
| 533 ## - REPRODUCTION NOTE | |
| Type of reproduction | Electronic reproduction |
| Agency responsible for reproduction | Emerald publishing group |
| Note about reproduction | Accesscible via World Wide Web |
| 650 ## - SUBJECT ADDED ENTRY--TOPICAL TERM | |
| Topical term or geographic name as entry element | Business ethics and Law |
| 856 ## - ELECTRONIC LOCATION AND ACCESS | |
| Materials specified | Click here to access full text. |
| Uniform Resource Identifier | <a href="http://www.emeraldinsight.com/journals.htm?issn=1754-243X">http://www.emeraldinsight.com/journals.htm?issn=1754-243X</a> |
| 942 ## - ADDED ENTRY ELEMENTS (KOHA) | |
| Source of classification or shelving scheme | |
| Koha item type | Electronic Journal |
| Withdrawn status | Lost status | Source of classification or shelving scheme | Damaged status | Not for loan | Home library | Current library | Date acquired | Total Checkouts | Full call number | Date last seen | Price effective from | Koha item type |
|---|---|---|---|---|---|---|---|---|---|---|---|---|
| Riara University Library | Riara University Library | 01/12/2011 | electronic journal | 01/12/2011 | 01/12/2011 | Electronic Journal |
